Landmarks in the law (Record no. 31823)

MARC details
000 -LEADER
fixed length control field 00400nam a2200181Ia 4500
020 ## - INTERNATIONAL STANDARD BOOK NUMBER
ISBN 9780406176141
050 ## - CALL MARK
Classification number KA 27 .D4/
100 ## - STATEMENT OF RESPONSIBILITY--MAIN AUTHOR NAME
Personal name Denning, Lord
245 #0 - TITLE STATEMENT
Title Landmarks in the law
250 ## - EDITION / VOLUME STATEMENT
Edition / Volume statement 2nd ed.
260 ## - PUBLICATION, DISTRIBUTION, ETC. (IMPRINT)
Place of publication London
260 ## - PUBLICATION, DISTRIBUTION, ETC. (IMPRINT)
Name of publisher Butterworths
260 ## - PUBLICATION, DISTRIBUTION, ETC. (IMPRINT)
Year of publication 2004
300 ## - PHYSICAL DESCRIPTION
Number of Pages 394 p
942 ## - ADDED ENTRY ELEMENTS (KOHA)
Koha item type Books
Holdings
Withdrawn status Lost status Source of classification or shelving scheme Damaged status Not for loan Permanent Location Current Location Date acquired Accession Number Price effective from Koha item type
    Library of Congress Classification     NILE UNIVERSITY OF NIGERIA - MAIN LIBRARY NILE UNIVERSITY OF NIGERIA - MAIN LIBRARY 04/23/2025 0192378 04/23/2025 Books